000 00685nam a2200217 i 4500
001 99768
003 ES-MaACL
005 20240509162502.0
007 t|
008 050915s1954 sp ||||1| spa d
100 1 _aMartínez de León, Andrés,
_d1895-1978
_978014
245 1 4 _aLos amigos del toro
_b: el toreo, sus males y su remedio por Oselito /
_cAndrés Martínez de León.
260 _aMadrid :
_bAguilar,
_c1954.
300 _a166 p. ;
_c21 cm.
490 1 _aColección literaria
500 _aCon 141 ilustraciones del Autor.
830 0 _aColección literaria (Aguilar)
_9236293
852 _aES-MaACL
_jC-11798
_bR.36176
942 _2udc
999 _c99768
_d99768